[Event "Wiesbaden op"]
[Site "Wiesbaden"]
[Date "2007.08.03"]
[Round "2"]
[White "Meyer, Stefan"]
[Black "Doblies, Werner"]
[Result "1-0"]
[WhiteElo "2111"]
[BlackElo "1740"]
[PlyCount "109"]
[EventDate "2007.08.02"]
[EventType "swiss"]
[EventRounds "7"]
[EventCountry "GER"]
[SourceTitle "EXT 2008"]
[Source "ChessBase"]
[SourceDate "2007.11.25"]
[SourceVersion "1"]
[SourceVersionDate "2007.11.25"]
[SourceQuality "1"]

1. Nf3 Nc6 2. g3 d5 3. Bg2 Bf5 4. c4 dxc4 5. Qa4 Qd7 6. 0-0 a6 7. Qxc4 0-0-0 8. Qxf7 e6 9. Qxd7+ Rxd7 10. Nc3 Bc5 11. d3 Nge7 12. h3 h6 13. Bd2 g5 14. Na4 Ba7 15. Rac1 g4 16. hxg4 Bxg4 17. Nc5 Rd5 18. b4 h5 19. Nh2 Rdd8 20. Nxg4 hxg4 21. Nxe6 Rd6 22. Nc5 Rh5 23. Bf4 Rf6 24. a3 Nd5 25. Bxd5 Rxd5 26. Kg2 Bxc5 27. Rxc5 Rxc5 28. bxc5 Ne7 29. Rh1 Ng6 30. Be3 Rf8 31. Rh7 Rf6 32. Bd4 Re6 33. e3 Re7 34. Rxe7 Nxe7 35. f3 gxf3+ 36. Kxf3 Kd7 37. Ke4 Ke6 38. g4 c6 39. g5 Ng6 40. Bf6 Nh4 41. d4 Ng6 42. Kd3 Kf5 43. e4+ Ke6 44. Kc4 Nf8 45. d5+ cxd5+ 46. exd5+ Kd7 47. Kd4 Ng6 48. Ke4 Nh4 49. Be5 Ng6 50. Bg3 Ne7 51. Ke5 Ng6+ 52. Kf6 Ne7 53. d6 Nd5+ 54. Ke5 Ne3 55. g6 1-0